The role of the state in South Asia and other essays / (Record no. 19646)

MARC details
000 -LEADER
fixed length control field 01241cam a2200349 a 4500
001 - CONTROL NUMBER
control field 12327526
003 - CONTROL NUMBER IDENTIFIER
control field BDDh-ASL
005 - DATE AND TIME OF LATEST TRANSACTION
control field 20231015025808.0
008 - FIXED-LENGTH DATA ELEMENTS--GENERAL INFORMATION
fixed length control field 001206s2000 ii b 001 0 eng
010 ## - LIBRARY OF CONGRESS CONTROL NUMBER
LC control number 00403631
020 ## - INTERNATIONAL STANDARD BOOK NUMBER
International Standard Book Number 8173043612
025 ## - OVERSEAS ACQUISITION NUMBER
Overseas acquisition number I-E-00-403631; 63-08
035 ## - SYSTEM CONTROL NUMBER
System control number (DLC) 00403631
037 ## - SOURCE OF ACQUISITION
Source of stock number/acquisition Library of Congress -- New Delhi Field Office
Terms of availability Rs375.00
040 ## - CATALOGING SOURCE
Original cataloging agency DLC
Transcribing agency DLC
Modifying agency BDDh-ASL
042 ## - AUTHENTICATION CODE
Authentication code lcode
043 ## - GEOGRAPHIC AREA CODE
Geographic area code az-----
-- a-ii---
050 00 - LIBRARY OF CONGRESS CALL NUMBER
Classification number DS341
Item number .R68 2000
082 ## - DEWEY DECIMAL CLASSIFICATION NUMBER
Classification number 300.954
Item number ROR
100 1# - MAIN ENTRY--PERSONAL NAME
Personal name Rothermund, Dietmar,
Dates associated with a name 1933-
245 14 - TITLE STATEMENT
Title The role of the state in South Asia and other essays /
Statement of responsibility, etc. Dietmar Rothermund.
260 ## - PUBLICATION, DISTRIBUTION, ETC.
Place of publication, distribution, etc. New Delhi :
Name of publisher, distributor, etc. Manohar Publishers & Distributors,
Date of publication, distribution, etc. 2000.
300 ## - PHYSICAL DESCRIPTION
Extent x, 183 p. :
Dimensions 22 cm.
504 ## - BIBLIOGRAPHY, ETC. NOTE
Bibliography, etc. note Includes bibliographical references and index.
520 ## - SUMMARY, ETC.
Summary, etc. With special reference to India on its state and market, rural/urban divide in economic, social terms, and a study on Indian historiography, etc.
650 #0 - SUBJECT ADDED ENTRY--TOPICAL TERM
Topical term or geographic name entry element Historiography
Geographic subdivision India.
651 #0 - SUBJECT ADDED ENTRY--GEOGRAPHIC NAME
Geographic name South Asia
General subdivision Politics and government.
651 #0 - SUBJECT ADDED ENTRY--GEOGRAPHIC NAME
Geographic name India
General subdivision History.
906 ## - LOCAL DATA ELEMENT F, LDF (RLIN)
a 7
b cbc
c origode
d 3
e ncip
f 20
g y-gencatlg
942 ## - ADDED ENTRY ELEMENTS (KOHA)
Source of classification or shelving scheme Dewey Decimal Classification
Koha item type Books
Holdings
Withdrawn status Lost status Source of classification or shelving scheme Damaged status Not for loan Collection code Home library Current library Shelving location Date acquired Source of acquisition Total Checkouts Full call number Barcode Date last seen Copy number Price effective from Koha item type Public note
    Dewey Decimal Classification   Not For Loan Non-fiction Asiatic Society Library Asiatic Society Library Ludden Collection 12/14/2020 Donated by Prof. David Ludden   300.954 ROR 103015 12/14/2020 C-1 12/14/2020 Books RARE

Powered by Koha